• Leonard Pat

di Personal Name

Records bibliografici associati: 1

001 - CONTROL NUMBER

  • control field: 19907

003 - CONTROL NUMBER IDENTIFIER

  • control field: IT-RoPau

005 - DATE AND TIME OF LATEST TRANSACTION

  • control field: 20140409210950.0

008 - FIXED-LENGTH DATA ELEMENTS

  • fixed length control field: 140409|| aca||aabn | a|a d

040 ## - CATALOGING SOURCE

  • Original cataloging agency: IT-RoPau
  • Transcribing agency: IT-RoPau

100 ## - HEADING--PERSONAL NAME

  • Personal name: Leonard Pat
  • Miscellaneous information: Codice autore musica SPICS: 28465
  • Relator term: Autore musica
  • Name of part/section of a work: White Heat - Live To Tell - Where's the Party - La isla bonita - Love Makes the World Go Round

670 ## - SOURCE DATA FOUND

  • Source citation: Work cat.: (IT-RoPau)98874: Madonna (Ciccone) 19899, True Blue
CREDITS: SOCIETA' SAN PAOLO Via A.Severo, 58 - ROMA (RM) & PERIODICI SAN PAOLO SRL Via Giotto, 36 MILANO & CISF Via Giotto, 36 MILANO & EDIZIONI SAN PAOLO SRL,  Piazza Soncino, 5 CINISELLO BALSAMO (MI) -- ITALY